| 000 | 01425nam a2200409 i 4500 | ||
|---|---|---|---|
| 001 | 4093 | ||
| 003 | KOSZ 005 | ||
| 005 | 20210218115319.0 | ||
| 008 | 970904s1990 pl a f f |001 0 pol | ||
| 015 | _aPB 1990/2588 | ||
| 020 | _a8321333923 | ||
| 020 | _a8321334466 | ||
| 040 |
_aWA N _cWA N _dKOSZ 005/HR |
||
| 046 | _k1990 | ||
| 080 | _a69 | ||
| 080 | _a(083.1) | ||
| 245 | 0 | 0 |
_aPoradnik kierownika budowy. _nCz. 2 / _caut. Tadeusz Bratkowski [et al.] ; Polski Związek Inżynierów i Techników Budownictwa ; aut. Zbigniew Dziarnowski [et al.]. |
| 250 | _aWyd. 5 zm. i uzup. | ||
| 260 |
_aWarszawa : _b"Arkady", _c1990. |
||
| 300 |
_a832 s. : _brys., wykr. ; _c21 cm. |
||
| 380 | _aKsiążki | ||
| 380 | _aPublikacje fachowe | ||
| 388 | _a1901-2000 | ||
| 388 | _a1989-2000 | ||
| 500 | _aWyd. poprz. pt. : Poradnik techniczny kierownika budowy. | ||
| 500 | _aNa pierwszym poziomie nazwa współaut. cz. 1. | ||
| 500 | _aW główce nazwa współaut. cz. 1. | ||
| 504 | _aBibliogr. przy rozdz. - Indeks. | ||
| 650 | 4 | _aBudownictwo | |
| 655 | _aPoradnik | ||
| 658 | _aArchitektura i budownictwo | ||
| 700 | 1 |
_aDziarnowski, Zbigniew _eAutor |
|
| 700 | 1 |
_aBratkowski, Tadeusz _d(1936- ) _eAutor |
|
| 710 | 2 |
_aWydawnictwo Arkady _4pbl. |
|
| 856 |
_uhttp://koha.tu.koszalin.pl/cgi-bin/koha/opac-detail.pl?biblionumber=4093 _yKatalog online BPK |
||
| 942 |
_2UKD _cKS |
||
| 999 |
_c4093 _d4093 |
||